[Event "TCh-NOR Finals"]
[Site "Oslo NOR"]
[Date "2002.05.09"]
[Round "2"]
[White "Hagesaether,E"]
[Black "Hole,O"]
[Result "0-1"]
[WhiteElo "2142"]
[BlackElo "2237"]

1.Nf3 d5 2.g3 Nf6 3.Bg2 c6 4.O-O Bf5 5.d3 e6 6.Nbd2 h6 7.Qe1 Be7 8.e4 Bh7
9.e5 Nfd7 10.Qe2 O-O 11.Re1 c5 12.Nf1 Nc6 13.h4 Rc8 14.N1h2 c4 15.a3 cxd3
16.cxd3 Nc5 17.Rd1 Nb3 18.Rb1 Nxc1 19.Rbxc1 Qb6 20.Rc3 Na5 21.Rdc1 Rc6 22.Rxc6 bxc6
23.b4 Nb7 24.Qc2 c5 25.bxc5 Nxc5 26.Bf1 Rb8 27.Nd4 Bf8 28.Nhf3 Qa6 29.Qd1 Qxa3
30.Ra1 Qc3 31.Rc1 Qb2 32.Nc6 Rb7 33.Nd2 Qb6 34.d4 Nd3 35.Rc3 Nb4 36.Nxb4 Bxb4
37.Rc8+ Bf8 38.Qa4 Rb8 39.Rc6 Qb7 40.Nf3 Qb3 41.Qxb3 Rxb3 42.Ne1 Rb1 43.Ng2 Bd3
44.Ne3 a5 45.Kg2 Bxf1+ 46.Nxf1 Rb4 47.Nd2 Rxd4 48.Nb3 Rc4 49.Nxa5 Rxc6 50.Nxc6 Bc5
51.Na5 Kf8 52.Kf3 Ke8 53.Nb3 Bb6 54.Nc1 Kd7 55.Ke2 Kc6 56.f3 Bd4 57.Nd3 Kb5
58.g4 g5 59.h5 Kc4 60.Kd2 f6 61.exf6 Bxf6 62.Ke3 Bd4+ 63.Kd2 e5 64.Nc1 e4
65.fxe4 dxe4 66.Ne2 e3+ 67.Kc2 Be5 68.Kd1 Kd3 69.Nc1+ Ke4 70.Ke2 Bd4 71.Nd3 Ba7
72.Nb4 Kf4 73.Nc6 Bc5  0-1

[Event "Croatian Cup"]
[Site "Pula CRO"]
[Date "2002.05.09"]
[Round "3"]
[White "Kostrun,S"]
[Black "Drcelic,J"]
[Result "1/2-1/2"]
[WhiteElo "2204"]
[BlackElo "2223"]

1.Nf3 d5 2.g3 Nf6 3.Bg2 g6 4.O-O Bg7 5.d3 O-O 6.a3 b6 7.c4 Bb7 8.cxd5 Nxd5
9.Qc2 c5 10.Nc3 Nc6  1/2-1/2

[Event "ch-UKR"]
[Site "Alushta UKR"]
[Date "2002.05.10"]
[Round "8"]
[White "Semenenko,A"]
[Black "Malikov,V"]
[Result "1-0"]
[WhiteElo "2293"]
[BlackElo "2149"]

1.Nf3 d5 2.g3 h6 3.Bg2 Nf6 4.d3 Bf5 5.b3 e6 6.O-O Be7 7.Bb2 O-O 8.e3 Nbd7
9.Qe2 c6 10.Kh1 Re8 11.Nd4 Bh7 12.f4 e5 13.fxe5 Nxe5 14.Nf5 Bf8 15.Nd2 g6
16.Nh4 Bg7 17.Rae1 Qd7 18.e4 dxe4 19.dxe4 Rad8 20.Bxe5 Rxe5 21.Nc4 Ree8 22.a4 g5
23.Rd1 Qe6 24.Rxd8 Rxd8 25.Nf5 Bxf5 26.Rxf5 Re8 27.Re5 Qd7 28.Rxe8+ Qxe8
29.Qd3 Ng4 30.Kg1 Qe7 31.Qd6 Qe8 32.Bf3 Nf6 33.Qd3 Nd7 34.Nd6 Qe7 35.Nf5 Qc5+
36.Kg2 Ne5 37.Qd8+ Kh7 38.Ne7 h5 39.Qg8+ Kh6  1-0

[Event "FSGM May"]
[Site "Budapest HUN"]
[Date "2002.05.10"]
[Round "7"]
[White "Husari,Sa"]
[Black "Gonda,L"]
[Result "1-0"]
[WhiteElo "2383"]
[BlackElo "2359"]

1.Nf3 d5 2.g3 Nf6 3.Bg2 c6 4.b3 Bg4 5.Bb2 Nbd7 6.O-O e6 7.d3 Be7 8.Nbd2 O-O
9.c4 a5 10.a3 Bd6 11.Qb1 Re8 12.Re1 e5 13.h3 Bxf3 14.Bxf3 b5 15.e4 d4 16.Be2 Rb8
17.Qc2 Rb7 18.Reb1 Qe7 19.Bc1 Reb8 20.Kg2 Nc5 21.b4 Na4 22.c5 Bc7 23.Bb2 Ra7
24.Rf1 Rba8 25.Qc1 Nd7 26.Rb1 axb4 27.axb4 Nxb2 28.Rxb2 Ra3 29.Nb1 Ra2 30.Bd1 Rxb2
31.Qxb2 Nf8 32.Bb3 Ng6 33.h4 Qd7 34.Qe2 Bd8 35.h5 Nf8 36.f4 exf4 37.gxf4 Bc7
38.Qf3 Ne6 39.e5 Ra1 40.f5 Ng5 41.Qg4 h6 42.e6 Qe7 43.Re1 f6 44.Kf1 Be5 45.Qg2 Ra6
46.Nd2 Qe8 47.Nf3 Nxf3 48.Qxf3 Kf8 49.Rxe5 fxe5 50.f6 gxf6 51.Qxf6+ Kg8 52.e7+ Kh7
53.Bf7  1-0

[Event "TCh-NOR Finals"]
[Site "Oslo NOR"]
[Date "2002.05.10"]
[Round "3"]
[White "Hole,O"]
[Black "Ogaard,L"]
[Result "1-0"]
[WhiteElo "2237"]
[BlackElo "2387"]

1.Nf3 d5 2.g3 Nf6 3.Bg2 c6 4.O-O Bf5 5.d3 e6 6.Nbd2 Be7 7.Qe1 h6 8.e4 Bh7
9.Qe2 O-O 10.b3 a5 11.a4 Na6 12.Bb2 Nb4 13.Ne1 b5 14.Kh1 bxa4 15.Rxa4 Nd7
16.f4 Nc5 17.Ra1 Bf6 18.e5 Be7 19.Ndf3 a4 20.d4 axb3 21.Rxa8 Qxa8 22.dxc5 bxc2
23.Qe3 Qa2 24.Qc3 Bxc5 25.Bc1 Qa7 26.Qd2 d4 27.g4 d3 28.f5 Rd8 29.Nh4 Qa1
30.Nef3 Na2 31.g5 exf5 32.gxh6 f6 33.Qa5 Be7 34.exf6 Bxf6 35.Bg5 Qb1 36.Bxf6 c1=Q
37.Qxd8+  1-0

[Event "59th ch-POL"]
[Site "Warsaw POL"]
[Date "2002.05.11"]
[Round "12"]
[White "Markowski,T"]
[Black "Bartel,Mat"]
[Result "1-0"]
[WhiteElo "2538"]
[BlackElo "2417"]

1.g3 d5 2.Nf3 g6 3.c4 dxc4 4.Na3 Bg7 5.Nxc4 Nc6 6.Bg2 Nf6 7.O-O O-O 8.d4 Be6
9.b3 a5 10.Bb2 Bd5 11.Ne3 Be4 12.a3 Nd5 13.Nc4 Nb6 14.e3 Nxc4 15.bxc4 a4
16.Nd2 Bxg2 17.Kxg2 Qd7 18.Qc2 e6 19.Rfd1 Ne7 20.Rab1 Qc6+ 21.Qe4 Rfd8 22.Bc3 b6
23.Rdc1 Rd7 24.Kg1 Qxe4 25.Nxe4 h6 26.Be1 Ra6 27.Kf1 c6 28.Ke2 Nc8 29.Bb4 Ra8
30.g4 f6 31.h4 Kf7 32.f4 Raa7 33.Rh1 f5 34.Nf2 c5 35.dxc5 bxc5 36.Bxc5 Rac7
37.Rb5 Rc6 38.gxf5 exf5 39.Rc1 Rdc7 40.Nd3 Ke6 41.Rg1 Kf7 42.h5 Na7 43.Ra5 Nc8
44.hxg6+ Rxg6 45.Rxg6 Kxg6 46.Rxa4 h5 47.Ra6+ Kh7 48.a4 h4 49.Kf3 Rd7 50.Nf2 Rc7
51.Ra5 Bc3 52.Rb5 Rg7 53.a5 Rg3+ 54.Ke2 h3 55.Nxh3 Rxh3 56.Kd3 Bf6 57.Rb8  1-0

[Event "FSIM May"]
[Site "Budapest HUN"]
[Date "2002.05.12"]
[Round "9"]
[White "Nemeth,Z"]
[Black "Vass,V"]
[Result "1/2-1/2"]
[WhiteElo "2364"]
[BlackElo "2218"]

1.Nf3 d5 2.g3 Nf6 3.Bg2 c6 4.b3 Bf5 5.Bb2 e6 6.d3 Be7 7.Nbd2 O-O 8.Ne5 h6
9.e4 Bh7 10.O-O Nbd7 11.f4 a5 12.a3 Qb6+ 13.Kh1 Rfd8 14.Qe2 Rac8 15.Nxd7 Nxd7
16.f5 Bf6 17.Bxf6 Nxf6 18.fxe6 fxe6 19.Bh3 Re8 20.e5 Nd7 21.Qh5 Nf8 22.Rxf8+ Rxf8
23.Bxe6+ Kh8 24.Bxc8 Rxc8 25.Qg4 Rf8 26.Re1 Bf5 27.Qe2 Bh3 28.Nf3 Qc5 29.d4 Qc3
30.Nh4 Bg4 31.Ng6+ Kg8 32.Ne7+ Kh7 33.Qd3+ Qxd3 34.cxd3 Re8 35.Nxc6 bxc6
36.Kg2 Rb8 37.h3 Be6 38.Rc1 Bd7 39.Rc3 Kg6 40.g4 Kf7 41.Kf3 g5 42.Ke3 Ke7
43.Kd2 Kd8 44.Kc2 Kc7 45.Rc5 Kb6 46.b4 axb4 47.axb4 Be6 48.Kb3 h5 49.gxh5 Rh8
50.b5 cxb5 51.Kb4 Rxh5 52.Rxb5+ Kc6 53.Ra5 Kb6 54.Rb5+ Kc6 55.Ra5 Rxh3 56.Ra6+ Kd7
57.Kc5 Rh6 58.Ra7+ Ke8 59.Rg7 g4 60.Rg5 Kf7 61.Kd6 Rg6 62.Rxg6 Kxg6 63.Kxe6 g3
64.Kd7 g2 65.e6 g1=Q 66.e7 Qg4+ 67.Kd8 Qg5 68.Kd7 Qf5+ 69.Kd8 Qf6 70.Kd7 Qf7
71.Kd8 Kf5 72.e8=Q Qxe8+ 73.Kxe8 Kf4 74.Ke7 Ke3 75.Ke6 Kxd4 76.Kd6  1/2-1/2

[Event "ch-URU"]
[Site "Montevideo URU"]
[Date "2002.05.12"]
[Round "7"]
[White "Bauza,A"]
[Black "Sosa Macho,J"]
[Result "0-1"]
[WhiteElo "2260"]
[BlackElo "2240"]

1.Nf3 d5 2.g3 Bg4 3.Bg2 c6 4.O-O Nd7 5.d3 e6 6.Nbd2 Bd6 7.h3 Bh5 8.e4 Ne7
9.Qe1 O-O 10.Nh2 Qc7 11.Bf3 Bxf3 12.Ndxf3 c5 13.Qe2 Nc6 14.c3 b5 15.Ng4 d4
16.cxd4 cxd4 17.Bd2 Rac8 18.Kg2 a5 19.a4 Qb7 20.Bf4 Bb8 21.h4 Nc5 22.axb5 Qxb5
23.Ra3 f5 24.exf5 exf5 25.Nge5 Rfe8 26.Rc1 Nd7 27.Rxc6 Rxc6 28.Nxd4 Qd5+
29.Qf3 Qxf3+ 30.Nexf3 Rc5 31.Bd2 Bc7 32.Bc3 Ne5 33.Ng5 Rd5 34.Nxf5 h6 35.Nh3 Nxd3
36.Ne3 Rb5 37.Bxa5 Bxa5 38.Rxd3 Rxb2 39.g4 Bb6 40.Nf5 Rf8 41.h5 Rd8 42.Rf3 Rb1
43.Ne7+ Kh7 44.g5 Rb5 45.Rf7 hxg5 46.Nf5 g4 47.Ng5+ Kh8 48.Ne4 Bd4 49.Kg3 Re5
50.Kf4 Rde8 51.Ned6 Bxf2 52.Nxe8 Rxe8 53.Kxg4 Rg8 54.Ne7 Ra8 55.Rxf2 Ra4+
56.Kg5 Ra5+ 57.Rf5 Ra1 58.Kg6 Ra6+ 59.Kf7 Kh7 60.Nd5 Kh6  0-1

[Event "TCh-NOR Finals"]
[Site "Oslo NOR"]
[Date "2002.05.12"]
[Round "5"]
[White "Bern,I"]
[Black "Heim,S"]
[Result "1-0"]
[WhiteElo "2356"]
[BlackElo "2383"]

1.g3 d5 2.Nf3 Bg4 3.Bg2 Nd7 4.c4 dxc4 5.Na3 g6 6.Nxc4 Bg7 7.Qb3 Bxf3 8.Bxf3 Rb8
9.d3 Ngf6 10.Be3 c5 11.Bf4 b5 12.Ne5 Nxe5 13.Bxe5 Rb6 14.Rc1 O-O 15.Bxf6 Bxf6
16.Rxc5 Qd4 17.Rc2 Qa4 18.e3 Ra6 19.Qxa4 bxa4 20.d4 Rb8 21.Bd5 Rab6 22.b3 axb3
23.axb3 e6 24.Bc4 Rc6 25.Ke2 Bd8 26.Rd1 Bb6 27.d5 exd5 28.Rxd5 Rc7 29.g4 h6
30.h4 Re8 31.Rcd2 Kg7 32.R2d3 Ree7 33.Rd6 Rc8 34.Rd7 Rxd7 35.Rxd7 Rc7 36.Rd3 Kf6
37.f4 Ke7 38.g5 hxg5 39.hxg5 Rc6 40.Rd1 f6 41.Rg1 fxg5 42.Rxg5 Kf6 43.e4 Bd8
44.Kf3 a5 45.Rd5 Ke7 46.Kg4 Bc7 47.e5 Bb6 48.Kg5 Bc5 49.Bb5 Rc8 50.Kxg6 Be3
51.Rd7+ Ke6 52.Rd6+ Ke7 53.f5 Rg8+ 54.Kh7 Rg5 55.f6+ Kf7 56.Bc4+ Ke8 57.Bb5+ Kf7
58.Rd7+ Ke6 59.Re7+ Kf5 60.Bd3+ Kf4 61.f7 Rh5+ 62.Kg7 Kg3 63.f8=Q Bh6+ 64.Kf7  1-0

[Event "Capablanca Mem Premier I"]
[Site "Havana CUB"]
[Date "2002.05.13"]
[Round "7"]
[White "Cacho Reigadas,S"]
[Black "Perez,Rod"]
[Result "1/2-1/2"]
[WhiteElo "2469"]
[BlackElo "2425"]

1.Nf3 d5 2.g3 Nf6 3.Bg2 e6 4.O-O Be7 5.d4 O-O 6.c4 dxc4 7.Qc2 a6 8.Qxc4 b5
9.Qc2 Bb7 10.Bd2 Be4 11.Qc1 Bb7 12.Bf4 Bd6 13.Nbd2 Nbd7 14.Nb3 Rc8 15.Rd1 Bd5
16.Ne5 Bxg2 17.Kxg2 Nd5 18.Nc5 Bxc5 19.Nxd7 Qxd7 20.Qxc5 Nxf4+ 21.gxf4 Qd6
22.e3 Qxc5 23.dxc5 Rfd8 24.b4 Kf8 25.Kf3 Ke7 26.Ke4 a5 27.bxa5 Ra8 28.Rxd8 Kxd8
29.c6 Ra6 30.a4 bxa4 31.Rxa4 Ke7 32.f5 Kd6 33.Rd4+ Kxc6 34.fxe6 fxe6 35.Ke5 Kb5
36.Rd7 c5 37.Rxg7 Rc6 38.Rg1 Kxa5 39.f4 Kb4 40.e4 c4 41.f5 exf5 42.exf5 Rh6
43.Rg2 Rh3 44.Rf2 Re3+ 45.Kd6 Rd3+ 46.Kc7 c3 47.f6 Kb3 48.f7 c2 49.Rxc2 Rf3
50.Rc6 Rxf7+ 51.Kd8 h5 52.Rh6 Rf5 53.Ke7 Kc4 54.Ke6 Rd5 55.Rh8 Kd4 56.Kf6 Ke4
57.Kg6 Kf4 58.Rxh5 Rxh5 59.Kxh5 Kf5  1/2-1/2

[Event "Capablanca Mem Premier I"]
[Site "Havana CUB"]
[Date "2002.05.13"]
[Round "7"]
[White "Gretarsson,H"]
[Black "Abreu,A"]
[Result "0-1"]
[WhiteElo "2521"]
[BlackElo "2480"]

1.Nf3 d5 2.g3 Nf6 3.Bg2 c6 4.O-O Bg4 5.d3 Nbd7 6.Nbd2 e5 7.h3 Bh5 8.e4 dxe4
9.dxe4 Bc5 10.Qe1 O-O 11.Nc4 Re8 12.Nh4 Qc7 13.Kh1 b5 14.Ne3 a5 15.a4 bxa4
16.Rxa4 Bb4 17.c3 Bf8 18.Nc4 Nc5 19.Ra2 Nd3 20.Qd2 Red8 21.Qc2 Bd1 22.Rxd1 Nxf2+
23.Kh2 Rxd1 24.Bg5 Bc5 25.Bxf6 gxf6 26.b4 Ba7 27.Qe2 axb4 28.cxb4 Qd8 29.Nf5 Bd4
30.Rxa8 Qxa8 31.Qh5 Qa1 32.Nh6+ Kh8 33.Qf3 Nxe4 34.Nxf7+ Kg7 35.Qg4+ Ng5  0-1

[Event "Open"]
[Site "Pula CRO"]
[Date "2002.05.13"]
[Round "2"]
[White "Mikac,M"]
[Black "Kekic,A"]
[Result "1/2-1/2"]
[WhiteElo "2414"]
[BlackElo "2184"]

1.Nf3 d5 2.g3 Nf6 3.Bg2 Bg4 4.O-O Nbd7 5.d4 e6 6.Nbd2 c5 7.c4 Qb6 8.Ne5 cxd4
9.Nxg4 Nxg4 10.cxd5 e5 11.Nb3 a5 12.e3 a4 13.Nxd4 Nxh2 14.Kxh2 exd4 15.exd4 Bd6
16.Re1+  1/2-1/2

[Event "2nd NAO Masters"]
[Site "Paris FRA"]
[Date "2002.05.15"]
[Round "3"]
[White "Lupu,MS"]
[Black "Serafimov,T"]
[Result "1-0"]
[WhiteElo "2470"]
[BlackElo "2284"]

1.Nf3 d5 2.g3 Nf6 3.Bg2 c6 4.O-O Bf5 5.d3 h6 6.Nfd2 e5 7.e4 dxe4 8.dxe4 Bg4
9.Bf3 Bh3 10.Re1 Bc5 11.Nc4 Qxd1 12.Rxd1 Ng4 13.Rd2 Nd7 14.Nd6+ Bxd6 15.Rxd6 O-O-O
16.Be2 Kc7 17.Rd3 f5 18.Nc3 Ngf6 19.exf5 Bxf5 20.Rd2 a5 21.f3 Nc5 22.Nd1 Nd5
23.c4 Nb4 24.Ne3 Bh7 25.b3 Kb6 26.Kf1 Rd4 27.Rd1 Rhd8 28.Bb2 Rxd1+ 29.Bxd1 Nbd3
30.Bc3 g5 31.a3 e4 32.b4 axb4 33.axb4 Na6 34.c5+ Kc7 35.Nc2 exf3 36.Bxf3 g4
37.Bxg4 Rf8+ 38.Kg1 Rf2 39.Ne1 Rf7 40.Nxd3 Bxd3 41.Rd1 Bf5 42.Be5+ Kc8 43.Rf1 Bxg4
44.Rxf7 Nxb4 45.Rc7+ Kd8 46.Rxb7 Nd3 47.Bd6 Bf3 48.Kf1 h5 49.Rb3 Be4 50.Rb8+ Kd7
51.Ke2 Ke6 52.Rh8 Nc1+ 53.Kd2 Nb3+ 54.Kc3  1-0

[Event "4th Borowski GMB"]
[Site "Essen GER"]
[Date "2002.05.16"]
[Round "1"]
[White "Appel,R"]
[Black "Souleidis,G"]
[Result "1/2-1/2"]
[WhiteElo "2512"]
[BlackElo "2404"]

1.Nf3 d5 2.g3 g6 3.Bg2 Bg7 4.O-O c5 5.d4 cxd4 6.Nxd4 Nf6 7.c4 O-O 8.cxd5 Nxd5
9.Nc3 Nxc3 10.bxc3 Qa5 11.Qb3 Na6 12.Qa3 Qc5 13.Rb1 e5 14.Nb5 Bf5 15.Qxc5 Nxc5
16.Rb4 Rfd8 17.g4 Bd7 18.Nc7 Rab8 19.Bg5 f6 20.Be3 Bf8 21.Nd5 Kg7  1/2-1/2

[Event "4th Borowski GMB"]
[Site "Essen GER"]
[Date "2002.05.18"]
[Round "3"]
[White "Appel,R"]
[Black "Van der Wiel,J"]
[Result "1/2-1/2"]
[WhiteElo "2512"]
[BlackElo "2509"]

1.Nf3 d5 2.g3 c6 3.Bg2 Bg4 4.O-O Nd7 5.d3 e6 6.Nbd2 Bd6 7.e4 Ne7 8.Qe1 O-O
9.Kh1 Bc7 10.Ng1 e5 11.f4 exf4 12.gxf4 dxe4 13.dxe4 Ng6 14.Qg3 Be6 15.Ne2 Nf6
16.Bf3 Re8 17.a3 Qd7 18.Re1 Bg4 19.e5 Nxe5 20.fxe5 Rxe5 21.Qg2 Rae8 22.Nf1 Bh3  1/2-1/2

[Event "Open A"]
[Site "Ostrava CZE"]
[Date "2002.05.18"]
[Round "1"]
[White "Machycek,L"]
[Black "Staszko,M"]
[Result "1-0"]
[WhiteElo "2258"]
[BlackElo "2089"]

1.Nf3 d5 2.g3 Nf6 3.Bg2 c6 4.O-O Bg4 5.d3 Nbd7 6.Nbd2 e6 7.h3 Bh5 8.e4 Bd6
9.Qe1 Qc7 10.Nd4 O-O 11.Kh1 Rfe8 12.f4 e5 13.Nf5 Bf8 14.fxe5 Nxe5 15.d4 Ned7
16.e5 Nxe5 17.dxe5 Rxe5 18.Qf2 Rae8 19.g4 Bg6 20.Ng3 Bd6 21.Nb3 Ne4 22.Nxe4 Bxe4
23.Bf4 R5e7 24.Bxe4 dxe4 25.Qe3 b6 26.Nd4 g6 27.Rae1 a6 28.Ne2 Bxf4 29.Rxf4 c5
30.Nc3 Qe5 31.Rxe4  1-0

[Event "Open"]
[Site "Pula CRO"]
[Date "2002.05.19"]
[Round "9"]
[White "Fucak,E"]
[Black "Kekic,A"]
[Result "1-0"]
[WhiteElo "2314"]
[BlackElo "2184"]

1.Nf3 d5 2.g3 Nf6 3.Bg2 Bg4 4.c4 Bxf3 5.Bxf3 c6 6.d3 dxc4 7.dxc4 Qxd1+ 8.Kxd1 Nbd7
9.b3 e5 10.Nc3 Nc5 11.h3 Ne6 12.e3 O-O-O+ 13.Kc2 Nc5 14.Rd1 Rxd1 15.Nxd1 Nce4
16.Bb2 Bd6 17.Bg2 Rd8 18.Nc3 Nxc3 19.Bxc3 Bc7 20.Rf1 Re8 21.Bf3 Kd7 22.g4 h6
23.Rg1 Ke6 24.b4 e4 25.Be2 Be5 26.Bd2 Nd7 27.a4 c5 28.f4 exf3 29.Bxf3 Nb6
30.bxc5 Nxc4 31.Bxb7 Nxd2 32.Kxd2 Rd8+ 33.Ke2 Bc3 34.Rc1 Rd2+ 35.Kf3 Ba5
36.Rc4 Bc7 37.Re4+ Be5 38.h4 g5 39.h5 Rc2 40.c6 Rc3 41.Ke2 f6 42.Kd2 Kd6
43.Rxe5  1-0

[Event "9th RUS-chT"]
[Site "Ekaterinburg RUS"]
[Date "2002.05.20"]
[Round "4"]
[White "Rustemov,A"]
[Black "Batsanin,D"]
[Result "1-0"]
[WhiteElo "2598"]
[BlackElo "2403"]

1.Nf3 d5 2.g3 Nf6 3.Bg2 c6 4.b3 Bf5 5.Bb2 e6 6.d3 Bc5 7.O-O O-O 8.c4 Nbd7
9.a3 a5 10.Nbd2 h6 11.d4 Bd6 12.Re1 Ne4 13.e3 Qe7 14.h3 Rfd8 15.Qe2 Ndf6
16.Red1 Bh7 17.Nxe4 Nxe4 18.Ne1 Rab8 19.Nd3 b5 20.c5 Bc7 21.b4 a4 22.Kh2 f6
23.Rg1 Kh8 24.Bh1 Rg8 25.f3 Ng5 26.e4 Qf7 27.Rae1 Rbd8 28.Nf2 Rge8 29.h4 Qh5
30.Kg2 Nf7 31.e5 fxe5 32.dxe5 g5 33.hxg5 Nxg5 34.f4 Qxe2 35.Rxe2 Ne4 36.Ng4 Rg8
37.Kf3 Rg6 38.Nf6 Rg7 39.Rh2 Rg6 40.Bd4 Kg7 41.Nxe4 dxe4+ 42.Ke3 Rg4 43.Bxe4 Bxe4
44.Kxe4 Kg6 45.Rgh1 Rh8 46.Kf3 h5 47.Bf2 Rh7 48.Rd1 Kf5 49.Rh3 Kg6 50.Rxh5 Kxh5
51.Rh1+ Kg6 52.Rxh7 Rxg3+ 53.Bxg3 Kxh7 54.Bh4 Kg6 55.Kg4 Kh6 56.Bf6 Kg6 57.Bg5 Kf7
58.Kh5 Kg7 59.Bh4 Kf7 60.Kh6 Kf8 61.Kg6 Ke8 62.Kg7  1-0

[Event "Tanta Open"]
[Site "Tanta City EGY"]
[Date "2002.05.20"]
[Round "7"]
[White "Kengis,E"]
[Black "Jonkman,H"]
[Result "1/2-1/2"]
[WhiteElo "2577"]
[BlackElo "2520"]

1.Nf3 d5 2.g3 c6 3.Bg2 Bg4 4.O-O Nd7 5.d4 Ngf6 6.Nbd2 e6 7.Re1 Be7 8.e4 O-O
9.c3 Bh5 10.Qb3 Rb8 11.exd5 exd5 12.Nf1 Bd6 13.Nh4 Bg6 14.Nxg6 hxg6 15.Bg5 Qc7
16.Nd2 Nb6 17.c4 Nxc4 18.Nxc4 dxc4 19.Qxc4 Qa5 20.Be3 Rbd8 21.Rad1 Qb4 22.Qc2 Nd5
23.a3 Qb6 24.Bg5 Rde8 25.Rxe8 Rxe8 26.Bf3 Qb5 27.h4 Be7 28.Re1 Kf8 29.a4 Qb4
30.Rd1 Rd8 31.Bd2 Qd6 32.h5 gxh5 33.Qh7 Nf6 34.Qh8+ Ng8 35.Be4 f6 36.Re1 h4
37.Bh7 Kf7 38.Bxg8+ Rxg8 39.Qh5+ g6 40.Qh7+ Rg7 41.Qxh4 Kg8 42.Qe4 Qd5 43.Qxd5+ cxd5
44.Rc1 Bd6 45.Kg2 Rc7 46.Rxc7 Bxc7 47.g4 Kf7  1/2-1/2

[Event "ch-LTU"]
[Site "Vilnius LTU"]
[Date "2002.05.20"]
[Round "5"]
[White "Kveinys,A"]
[Black "Sulskis,S"]
[Result "0-1"]
[WhiteElo "2559"]
[BlackElo "2577"]

1.Nf3 d5 2.g3 Bg4 3.Bg2 c6 4.O-O Nf6 5.d4 e6 6.Nbd2 Nbd7 7.Re1 Be7 8.e4 dxe4
9.Nxe4 O-O 10.c3 Nxe4 11.Rxe4 Bxf3 12.Qxf3 Bg5 13.Bxg5 Qxg5 14.Qe2 Rab8 15.f4 Qd8
16.Rf1 g6 17.g4 Re8 18.Re3 Nf6 19.Rg3 Qe7 20.Re1 c5 21.f5 cxd4 22.fxg6 hxg6
23.cxd4 Red8 24.Rf1 Nh7 25.Rgf3 Rf8 26.Qf2 Rbd8 27.h4 b6 28.g5 Rd7 29.Rf4 Rfd8
30.a3 Rc7 31.Kh1 Rdd7 32.Qe3 Qd6 33.d5 exd5 34.Rd4 Rc4 35.Rfd1 Re7 36.Qf2 Rxd4
37.Rxd4 Re5 38.Qd2 Qe6 39.Rxd5 Re1+ 40.Kh2 Nf8 41.Qd4 Re2 42.Rd8 Qc6 43.Qd5 Qxd5
44.Rxd5 Ne6  0-1

[Event "IHEM"]
[Site "Hamburg GER"]
[Date "2002.05.22"]
[Round "5"]
[White "Murdzia,P"]
[Black "Rogozenko,D"]
[Result "0-1"]
[WhiteElo "2418"]
[BlackElo "2518"]

1.g3 d5 2.Nf3 Nf6 3.Bg2 c6 4.O-O Bg4 5.d3 Nbd7 6.c4 e6 7.cxd5 exd5 8.Nc3 Bxf3
9.Bxf3 d4 10.Ne4 Nxe4 11.Bxe4 Be7 12.Bg2 O-O 13.Bd2 Re8 14.Rb1 a5 15.Qb3 Bb4
16.Bxb4 axb4 17.Qxb4 Qb6 18.Qxb6 Nxb6 19.b4 Rxe2 20.b5 Nd5 21.bxc6 bxc6 22.Rbc1 Nc3
23.Bxc6 Raxa2 24.Bd5 Rad2 25.Bc4 g6 26.Kg2 Kg7 27.Kf3 Re5 28.g4 h5 29.h3 h4
30.Ra1 Re7 31.g5 Re5 32.Kg4 Rf5 33.Ra6 Nd1 34.Rf6 Rdxf2 35.Rxf2 Nxf2+ 36.Kxh4 Rxf6
37.gxf6+ Kxf6 38.Kg3 Nd1 39.Kf4 g5+ 40.Kf3 Kg6 41.Ke4 Nf2+ 42.Kxd4 Nxh3 43.Ke4 f5+
44.Ke5 f4 45.d4 g4 46.Bf1 f3 47.Ke4 Ng5+ 48.Kf4 Kh5 49.d5 Nf7 50.Bb5 Kh4
51.Bd7 g3  0-1

[Event "IHEM"]
[Site "Hamburg GER"]
[Date "2002.05.23"]
[Round "6"]
[White "Votava,J"]
[Black "Hector,J"]
[Result "0-1"]
[WhiteElo "2508"]
[BlackElo "2513"]

1.Nf3 d5 2.g3 Bg4 3.Bg2 Nd7 4.O-O Ngf6 5.d3 e5 6.Nbd2 Bc5 7.e4 dxe4 8.dxe4 O-O
9.h3 Bh5 10.Qe1 Re8 11.Nc4 b5 12.Na5 Qc8 13.Nh4 Bb6 14.Nf5 Nc5 15.b4 Bxa5
16.bxa5 Bg6 17.Ba3 Bxf5 18.exf5 Ncd7 19.Bxa8 Qxa8 20.Qe2 e4 21.Bb2 Qd5 22.g4 Ne5
23.Bxe5 Qxe5 24.Rad1 c6 25.c4 bxc4 26.Qxc4 e3 27.Rd3 Nd5 28.Qc5 h5 29.Rxe3 Nxe3
30.Qxe3 Qxe3 31.fxe3 Rxe3 32.gxh5 Rxh3 33.Kg2 Ra3 34.Rf2 Kh7 35.f6 g6 36.hxg6+ Kxg6
37.Rc2 Rxa5 38.Rxc6 Rxa2+ 39.Kf3 Kf5 40.Ke3 Ke5 41.Kd3 Kd5 42.Rc7 Ra3+ 43.Kd2 Ke6
44.Rc6+ Kd7 45.Rc1 Ra6 46.Rf1 Ke6 47.Kd3 Ke5 48.Ke3 Rd6  0-1

[Event "IHEM"]
[Site "Hamburg GER"]
[Date "2002.05.24"]
[Round "7"]
[White "Murdzia,P"]
[Black "Rausis,I"]
[Result "1/2-1/2"]
[WhiteElo "2418"]
[BlackElo "2478"]

1.g3 d5 2.Nf3 Nf6 3.Bg2 e6 4.O-O Be7 5.c4 O-O 6.d4 c6 7.Qc2 Nbd7 8.b3 b6
9.Bb2 Ba6 10.Nbd2 Rc8 11.Rac1  1/2-1/2

[Event "Open A"]
[Site "Ostrava CZE"]
[Date "2002.05.24"]
[Round "8"]
[White "Machycek,L"]
[Black "Trombik,K"]
[Result "1/2-1/2"]
[WhiteElo "2258"]
[BlackElo "2263"]

1.Nf3 d5 2.g3 Nf6 3.Bg2 c5 4.O-O Nc6 5.d4 e6 6.c4 Be7 7.cxd5 Nxd5 8.Nc3 Nxc3
9.bxc3 O-O 10.e4 cxd4 11.cxd4 Bf6 12.Be3 Na5 13.Qd3 Bd7 14.Rac1 a6 15.Qb1 Bb5
16.Rfd1 Nc4 17.Bf4 Rc8 18.h4 h6 19.h5 Qa5 20.g4 Be7 21.Nd2 Na3 22.Qb2 Qa4
23.Bf1 Bxf1 24.Nxf1 Nb5 25.Qb3 Qxb3 26.axb3 Ba3 27.Rc4 Bb2 28.d5 Nc3 29.Rd2 Bc1
30.Rc2 Bxf4 31.R2xc3 Rcd8 32.Rd3 Rd7 33.Rf3 exd5 34.exd5 Bg5 35.Rd3 Rfd8
36.f4 Be7 37.Ne3 Bd6 38.Kf2 b5 39.Re4 Bc5 40.Kf3 Bxe3 41.Kxe3 Rxd5 42.Rxd5 Rxd5
43.Re8+ Kh7 44.Re7 f6 45.Ra7 Rd6 46.Ke4 Rc6 47.Ra8 Rc3 48.Rxa6 Rxb3 49.Rb6 Rb1
50.Kf5 b4 51.Rb8 Rb2 52.Rb7  1/2-1/2

[Event "Bosnia GM"]
[Site "Sarajevo BIH"]
[Date "2002.05.24"]
[Round "3"]
[White "Dizdarevic,E"]
[Black "Shirov,A"]
[Result "1/2-1/2"]
[WhiteElo "2526"]
[BlackElo "2704"]

1.Nf3 d5 2.g3 Bg4 3.Ne5 Bh5 4.d4 Nd7 5.Bg2 e6 6.c4 c6 7.Qb3 Nxe5 8.dxe5 Qb6
9.Nc3 Qxb3 10.axb3 f6 11.exf6 Nxf6 12.Be3 a6 13.h3 Nd7 14.Rc1 Bc5 15.Nd1 d4
16.Bd2 Be7 17.b4 O-O 18.Be4 e5 19.f3 a5 20.bxa5 Nc5 21.Nf2 Nb3 22.Rd1 Bf7
23.Bd3 Nxa5 24.Bxa5 Rxa5 25.Ne4 Ra4 26.Rc1 Bg6 27.Kf2 Bxe4 28.Bxe4 Bg5 29.Rc2 Be3+
30.Kg2 Rfa8 31.Rb1 Rb4 32.b3 g5 33.Bd3 Kg7 34.c5 Ra3 35.Bc4 Kf6 36.Rbb2 Ra5
37.Bd3 h5 38.Rc4 Rxc4 39.bxc4 Ra7 40.h4 gxh4 41.gxh4 Bh6  1/2-1/2

[Event "11th Open"]
[Site "Chicago USA"]
[Date "2002.05.25"]
[Round "3"]
[White "Kleiman,J"]
[Black "Zaremba,An"]
[Result "0-1"]
[WhiteElo "2235"]
[BlackElo "2337"]

1.Nf3 d5 2.g3 Nf6 3.Bg2 Bf5 4.O-O e6 5.d3 h6 6.Nbd2 Nbd7 7.Qe1 Bh7 8.e4 dxe4
9.dxe4 Nc5 10.Qe2 c6 11.Rd1 Qc8 12.Ne5 Be7 13.b3 O-O 14.Bb2 Qc7 15.Nd3 Nfd7
16.Nxc5 Nxc5 17.Nc4 Nd7 18.f4 Rad8 19.Kh1 Rfe8 20.Bc3 b5 21.Ne3 e5 22.f5 Kh8
23.a4 b4 24.Bb2 f6 25.Rg1 Bc5 26.Rgf1 Bxe3 27.Qxe3 c5 28.g4 c4 29.h4 Qb6
30.Qg3 cxb3 31.cxb3 Nc5 32.Rad1 Rxd1 33.Rxd1 Rd8 34.Rxd8+ Qxd8 35.Qe3 Qd1+
36.Kh2 Nd3 37.Qxa7 Nxb2 38.Qb8+ Bg8 39.a5 Nd3 40.a6 Nf4 41.Qb5 Qxb3 42.Bf1 Qc2+
43.Kg3 Qxe4 44.a7 Qe3+  0-1

[Event "11th Open"]
[Site "Chicago USA"]
[Date "2002.05.27"]
[Round "6"]
[White "Bierkens,P"]
[Black "Pruess,D"]
[Result "0-1"]
[WhiteElo "2226"]
[BlackElo "2352"]

1.Nf3 d5 2.g3 Nf6 3.Bg2 c6 4.O-O Bf5 5.d3 Nbd7 6.Nbd2 e5 7.Qe1 Bc5 8.e4 dxe4
9.dxe4 Be6 10.Ng5 Bg4 11.Nc4 h6 12.Nf3 Qe7 13.Ne3 Be6 14.Nf5 Bxf5 15.exf5 O-O
16.Nd2 Rad8 17.c3 Rfe8 18.b4 Bb6 19.Nc4 e4 20.a4 Ne5 21.Nxe5 Qxe5 22.Bf4 Qxf5
23.a5 g5 24.Be3 Bxe3 25.Qxe3 a6 26.Rad1 Rd5 27.Rd4 Rde5 28.f4 R5e6 29.fxg5 Qxg5
30.Qe2 Kg7 31.Rf4 Qb5 32.Qb2 e3 33.c4 Qe5 34.Qe2 Rd6 35.Rxd6 Qxd6 36.Bh3 Qd2
37.Bf1 Qxb4 38.Qf3 Qc5 39.Rxf6 e2+ 40.Kh1 e1=Q 41.Rxf7+ Kg8 42.Rf4 Rf8  0-1

[Event "3rd EIWCh"]
[Site "Varna BUL"]
[Date "2002.05.29"]
[Round "3"]
[White "Foisor,C"]
[Black "Hernandez,Yu"]
[Result "1-0"]
[WhiteElo "2437"]
[BlackElo "2247"]

1.Nf3 d5 2.g3 c6 3.Bg2 Bg4 4.d3 Nd7 5.O-O Ngf6 6.Nbd2 e6 7.Qe1 Be7 8.e4 dxe4
9.dxe4 e5 10.h3 Bh5 11.a4 Qc7 12.b3 Nc5 13.Bb2 Nfd7 14.Nc4 f6 15.Nh4 Bg6
16.Nf5 Bf8 17.Qe2 O-O-O 18.Rfd1 Ne6 19.h4 Nb6 20.Rxd8+ Nxd8 21.Nce3 Bf7 22.a5 Nd7
23.Nc4 g6 24.Nfe3 Ne6 25.c3 Be7 26.b4 Rd8 27.Bc1 Nb8 28.Bh3 h5 29.Nc2 Na6
30.Be3 Kb8 31.N2a3 Qd7 32.Bf1 Nec7 33.Nb2 g5 34.Rd1 Qe8 35.Rxd8+ Bxd8 36.hxg5 fxg5
37.Qd2 g4 38.Nbc4 Ne6 39.Nxe5 Nac7 40.Nac4 Bg8 41.Nd6 Qe7 42.Bxa7+ Ka8 43.Nc8 Qg5
44.Be3  1-0

[Event "TCh-BIH"]
[Site "Neum BIH"]
[Date "2002.06.02"]
[Round "1"]
[White "Vojinovic,G"]
[Black "Blagojevic,D"]
[Result "1/2-1/2"]
[WhiteElo "2477"]
[BlackElo "2534"]

1.Nf3 d5 2.g3 Bg4 3.Bg2 c6 4.O-O Nd7 5.d4 e6 6.Nbd2 Ngf6 7.Re1 Be7 8.e4 O-O
9.c3 Bh5 10.Qb3 Qb6 11.exd5 cxd5 12.Qxb6 axb6 13.Bf1 Rfc8 14.Kg2 Ne8 15.Ne5 Nxe5
16.dxe5 Nc7 17.Nb3 Na6 18.Be3 Nc5 19.Bb5 Bg6 20.Bd4 Kf8 21.Nc1 Ra5 22.Bf1 Na4
23.Re2 Raa8 24.Rd2 Be4+ 25.f3 Bg6 26.Bb5 Bg5 27.f4 Be7 28.Bd7 Rcb8 29.Bxa4 Rxa4
30.Nd3 Be4+  1/2-1/2